000 00522 a2200181 4500
001 143966
040 _cLeonardo Da Vinci
041 _aPortuguês
082 _aAP574 U99b
_bU99b
100 _aUZUNIAN, Armênio
_aCALDINI JUNIOR, Nelson
245 _aBiologia
_blivro texto
250 _aLT
260 _bAnglo
_c2002
_aSão Paulo
300 _a563
362 _a20100322
697 _aBiologia
_aClassificação dos seres vivos
_aPoríferos
_aVermes
_aMoluscos
_aArtrópodes
_aAnfíbios
_aTecidos ósseos
_aLT
942 _cBK
999 _c143966
_d143966